Advances in audio and speech signal processing: technologies and applications (Record no. 8301)
[ view plain ]
| 000 -LEADER | |
|---|---|
| fixed length control field | 01058 a2200193 4500 |
| 020 ## - INTERNATIONAL STANDARD BOOK NUMBER | |
| International Standard Book Number | 9781599041322 |
| 040 ## - CATALOGING SOURCE | |
| Original cataloging agency | DLC |
| Language of cataloging | DLC |
| 082 00 - DEWEY DECIMAL CLASSIFICATION NUMBER | |
| Classification number | 621.3822 |
| 245 00 - TITLE STATEMENT | |
| Title | Advances in audio and speech signal processing: technologies and applications |
| Remainder of title | technologies and applications |
| Statement of responsibility, etc. | Hector Perez-Meana |
| 260 ## - PUBLICATION, DISTRIBUTION, ETC. | |
| Place of publication, distribution, etc. | Hershey, PA : |
| Name of publisher, distributor, etc. | Idea Group Pub., |
| Date of publication, distribution, etc. | c2007. |
| 300 ## - PHYSICAL DESCRIPTION | |
| Extent | xvi, 446 p. : |
| Other physical details | ill. ; |
| Dimensions | 27 cm. |
| 520 ## - SUMMARY, ETC. | |
| Summary, etc. | "This book provides a comprehensive approach of signal processing tools regarding the enhancement, recognition, and protection of speech and audio signals. It offers researchers and practitioners the information they need to develop and implement efficient signal processing algorithms in the enhancement field"--Provided by publisher. |
| 650 #0 - SUBJECT ADDED ENTRY--TOPICAL TERM | |
| Topical term or geographic name entry element | Sound |
| General subdivision | Recording and reproducing. |
| 650 #0 - SUBJECT ADDED ENTRY--TOPICAL TERM | |
| Topical term or geographic name entry element | Signal processing |
| General subdivision | Digital techniques. |
| 650 #0 - SUBJECT ADDED ENTRY--TOPICAL TERM | |
| Topical term or geographic name entry element | Speech processing systems. |
| 700 1# - ADDED ENTRY--PERSONAL NAME | |
| Personal name | Perez-Meana, Hector, |
| Dates associated with a name | 1954- |
| 856 41 - ELECTRONIC LOCATION AND ACCESS | |
| Materials specified | Table of contents only |
| Uniform Resource Identifier | <a href="http://www.loc.gov/catdir/toc/ecip072/2006033759.html">http://www.loc.gov/catdir/toc/ecip072/2006033759.html</a> |
| 942 ## - ADDED ENTRY ELEMENTS (KOHA) | |
| Koha item type | Book |
| Call number prefix | 621.3822 PER |
| Source of classification or shelving scheme | |
| Withdrawn status | Lost status | Damaged status | Not for loan | Collection code | Permanent Location | Current Location | Shelving location | Date acquired | Source of acquisition | Cost, normal purchase price | Total Checkouts | Full call number | Barcode | Date last seen | Price effective from | Koha item type |
|---|---|---|---|---|---|---|---|---|---|---|---|---|---|---|---|---|
| Central Library (CL) | Central Library (CL) | General Stacks | 10/05/2007 | Progressive International Agencies | 6448.00 | 621.3822 PER | SEECS008638 | 11/14/2012 | 01/05/2017 | Book |
